000 01035nam0a22002531 4500
001 rc\855017
005 20250622020807.0
035 _a(NLR Aleph) 006035248
090 _a7570454
_c7570454
100 _a20041129d1983 |||y0rusy50 ca
101 0 _arus
102 _aRU
105 _aa |||||||||
200 1 _aПовышение продуктивности сельскохозяйственных культур
_eТез. респ. науч. конф., 31 марта и 1 апр. 1983 г.
_f[Редкол.: Л. Рейнтам (ред.) и др.]
210 _aТарту
_cЭСХА
_d1983
215 _a101 с.
_cил.
_d20
300 _aВ надзаг.: Эст. с.-х. акад., НТО сел. хоз-ва, Эст. фил. Всесоюз. о-ва почвоведов
320 _aБиблиогр.: с. 16 (5 назв.), 58 (6 назв.)
702 1 _aРейнтам
_bЛ.Ю.
_gЛойт Юлиусович
_4340
801 0 _aRU
_bNLR
_gpsbo
801 1 _aRU
_bELAR
_2rusmarc
852 _aNLR
_j83-3/7102
942 _cBOOK
980 _aNB